00593nam a2200193Ia 450000100060000000800410000602000150004704000130006208200160007510000180009124500700010926000620017930000100024154600070025165000110025894200070026999900170027695201060029345128140428s9999 xx 000 0 und d a9694944538 cPK-LaUMT a 613bARO-F aArora, Anjali a5 steps to health nutritionbis your diet healthy?cArora, Anjali aKarachi,Pakistan:bParamount Publishing Enterprise,c2007 a64 p. aEN aHealth cBK c43099d43099 00104070a01b01d2014-04-28l6o 613 ARO-Fp48761r2024-10-11 11:22:06s2024-09-28w2014-05-06yBK